Music Quiz

Random Music or Lyrics Quiz

'Go Your Own Way' Lyrics Quiz Stats

Quiz Updated Dec 4, 2015

Challenge
Share
Tweet
Embed
Score 0/175 Timer 05:00
6 Plays Today
% Correct
you
99.6%
you
99.6%
you
99.6%
You
99.6%
You
99.6%
You
99.6%
you
99.6%
you
99.6%
you.
99.6%
You
99.6%
You
99.6%
You
99.6%
You
99.6%
You
99.6%
You
99.6%
You
99.6%
You
99.6%
You
99.6%
You
99.6%
go
99%
(Go
99%
go
99%
(Go
99%
go
99%
(Go
99%
go
99%
(Go
99%
go
99%
(Go
99%
go
99%
go
99%
(Go
98.9%
go
98.9%
way.
98.9%
way.)
98.9%
way.
98.9%
way.)
98.9%
way.
98.9%
way.)
98.9%
way.
98.9%
way.)
98.9%
way.
98.9%
way.)
98.9%
way.
98.9%
way.
98.9%
way.)
98.8%
way.
98.8%
own
98.7%
own
98.7%
own
98.7%
own
98.7%
own
98.7%
own
98.7%
own
98.7%
own
98.7%
own
98.7%
own
98.7%
own
98.7%
own
98.7%
% Correct
own
98.7%
own
98.7%
your
98.6%
your
98.6%
your
98.6%
your
98.6%
your
98.6%
your
98.6%
your
98.6%
your
98.6%
your
98.6%
your
98.6%
your
98.6%
your
98.6%
your
98.5%
your
98.5%
can
96.9%
can
96.9%
can
96.9%
can
96.9%
can
96.9%
can
96.9%
can
96.9%
can
96.9%
can
96.9%
can
96.9%
can
96.9%
can
96.9%
can
96.9%
can
96.6%
can
96.6%
I
96.6%
I
96.6%
I
96.6%
I
96.6%
I
96.6%
the
89%
it
86.5%
it
86.5%
it
86.5%
it
86.5%
it
86.5%
it
85.4%
do.
84.9%
do.
84.9%
to
84%
day.
77.8%
day.
77.8%
day.
77.8%
day.
77.8%
How
76.3%
How
76.3%
day.)
76%
day.
76%
thing
75.1%
call
74.3%
call
74.3%
call
74.3%
call
74.3%
% Correct
right
72.7%
call
72.4%
If
71.5%
If
71.5%
me?
71.5%
me
71.5%
Loving
70.9%
another
70%
another
70%
another
70%
another
70%
lonely
69.9%
lonely
69.9%
lonely
69.9%
lonely
69.9%
(Another
67.9%
another
67.9%
lonely
67.8%
lonely
67.8%
my
67.5%
my
67.5%
isn't
67%
could,
64.8%
could,
64.8%
give
64%
give
64%
ever
63.9%
when
62.6%
world.
59.2%
world.
59.2%
that
58.7%
from
58.7%
I'd
58.3%
I'd
58.3%
take
57.7%
feel?
55.4%
baby
54.7%
won't
53.8%
change
51.4%
for
49.8%
up,
49.5%
up,
49.5%
things
47.6%
why
46.1%
everything
44.8%
Tell
44.3%
all
41.9%
around.
35.7%
shacking
35%
waiting
32%
turned
31.9%
wanna
30.4%
maybe
28.9%
Open
28.5%
Packing
27%
everything's
26.8%
up's
22.6%

You're not logged in!

Compare scores with friends on all Sporcle quizzes.
Sign Up with Email
OR
Log In

You Might Also Like...

Show Comments

Extras

Top Quizzes Today


Score Distribution

Your Account Isn't Verified!

In order to create a playlist on Sporcle, you need to verify the email address you used during registration. Go to your Sporcle Settings to finish the process.